[Event "VI Open Basso Veronese"]
[Site "Casaleone ITA"]
[Date "2013.05.19"]
[Round "5"]
[White "De Paoli, Emilio"]
[Black "Beltrame, Leonardo"]
[WhiteElo "1849"]
[BlackElo "1577"]
[Result "1-0"]
[PlyCount "95"]
[EventDate "2013.05.17"]

1. Nf3 Nf6 2. g3 g6 3. b3 Bg7 4. Bb2 O-O 5. c4 d6 6. Nc3 e5 7. Qc2 Nbd7 8.
O-O-O Ng4 9. Rg1 Nxf2 10. Re1 Ng4 11. h3 Ngf6 12. g4 Nc5 13. d3 a5 14. e3 Bh8
15. d4 exd4 16. exd4 Ne6 17. h4 Ng7 18. g5 Nfh5 19. Nd5 Be6 20. Bh3 Bxd5 21.
cxd5 Nf4 22. Bg4 Nxd5 23. Nh2 Re8 24. Ref1 Ne3 25. Qf2 Nxf1 26. Rxf1 Qe7 27.
Bf3 Qe3+ 28. Qxe3 Rxe3 29. Ng4 Re7 30. Nf6+ Kf8 31. Nxh7+ Ke8 32. Bxb7 Rb8 33.
Bc6+ Kd8 34. d5 Kc8 35. Bc3 Re3 36. Kd2 Re7 37. Kd3 Rb6 38. Nf6 Nf5 39. Bxa5
Ra6 40. b4 Bxf6 41. gxf6 Re3+ 42. Kc4 Ra3 43. Kb5 Ra7 44. h5 gxh5 45. Rxf5 Rxa2
46. Rxh5 R7xa5+ 47. bxa5 Rb2+ 48. Ka6 1-0

[Event "VI Open Basso Veronese"]
[Site "Casaleone ITA"]
[Date "2013.05.19"]
[Round "5"]
[White "Fiscato, Claudio"]
[Black "Zanini, Andrea"]
[WhiteElo "1793"]
[BlackElo "1669"]
[Result "1-0"]
[PlyCount "75"]
[EventDate "2013.05.17"]

1. d4 b6 2. Nf3 Bb7 3. e3 e6 4. Bd3 f5 5. b3 Nf6 6. Bb2 Bb4+ 7. c3 Be7 8. Nbd2
O-O 9. O-O d6 10. Rc1 c5 11. Qe2 Nc6 12. a3 Rc8 13. c4 a5 14. d5 exd5 15. Bxf5
Ra8 16. Be6+ Kh8 17. cxd5 Ba6 18. Nc4 b5 19. dxc6 bxc4 20. Bxc4 Bxc4 21. bxc4
Qc7 22. Ng5 Qxc6 23. Qd3 g6 24. Rcd1 Kg8 25. Ne6 Rf7 26. f3 Qc8 27. Ng5 Rf8 28.
Ne4 Ra6 29. Bxf6 Bxf6 30. Nxd6 Qb8 31. Qd5+ Kg7 32. Qxc5 Rd8 33. Nb5 Rc8 34.
Rd7+ Kh6 35. Qd5 Rf8 36. f4 Qb6 37. Rf3 Rd8 38. Rh3+ 1-0

[Event "VI Open Basso Veronese"]
[Site "Casaleone ITA"]
[Date "2013.05.19"]
[Round "5"]
[White "Fongarolli, Diego"]
[Black "Faccia, Sergio"]
[WhiteElo "2073"]
[BlackElo "2032"]
[Result "1/2-1/2"]
[PlyCount "29"]
[EventDate "2013.05.17"]

1. e4 e5 2. Nf3 Nc6 3. Bb5 a6 4. Bxc6 dxc6 5. O-O Bg4 6. h3 h5 7. d3 Bxf3 8.
Qxf3 Qf6 9. Nd2 Bd6 10. Qxf6 Nxf6 11. Nc4 Nd7 12. Nxd6+ cxd6 13. f4 f6 14. Be3
O-O-O 15. Rf3 1/2-1/2

[Event "VI Open Basso Veronese"]
[Site "Casaleone ITA"]
[Date "2013.05.19"]
[Round "5"]
[White "Jirillo, Antonio"]
[Black "Beltrame, Luca"]
[WhiteElo "1643"]
[BlackElo "1458"]
[Result "1-0"]
[PlyCount "97"]
[EventDate "2013.05.17"]

1. d4 d5 2. Bf4 Nf6 3. Nf3 g6 4. e3 Bg7 5. Bd3 O-O 6. Nbd2 b6 7. c3 c5 8. Bxb8
Rxb8 9. Ne5 Qd6 10. h3 Re8 11. Bb5 Nd7 12. Qa4 Rb7 13. Ndf3 a6 14. Bxd7 Bxd7
15. Qxa6 Reb8 16. Qe2 cxd4 17. exd4 b5 18. b4 Qc7 19. Qe3 Rc8 20. Rc1 Ra7 21.
Qd2 Bf5 22. O-O Be4 23. Nd3 Rca8 24. Nc5 Bxf3 25. gxf3 Rxa2 26. Qg5 Re2 27.
Qxd5 Raa2 28. Ne4 Rab2 29. Qa8+ Bf8 30. Ra1 Qd7 31. Kg2 Qe6 32. Ra6 Qc4 33. Rc6
Qb3 34. Rc8 Ra2 35. Rxf8+ Kg7 36. Rg8+ Kh6 37. Qf8+ Kh5 38. Ng3+ Kg5 39. h4+
Kf6 40. Qg7+ Ke6 41. Nxe2 Rxe2 42. Rc8 Qc2 43. Rc5 Re3 44. Re5+ Rxe5 45. Qxe5+
Kd7 46. Re1 Qb3 47. Qxe7+ Kc6 48. Qc5+ Kb7 49. Re7+ 1-0

[Event "VI Open Basso Veronese"]
[Site "Casaleone ITA"]
[Date "2013.05.19"]
[Round "5"]
[White "Mancin, Michele"]
[Black "Lovato, Mauro"]
[WhiteElo "1762"]
[BlackElo "1452"]
[Result "0-1"]
[PlyCount "25"]
[EventDate "2013.05.17"]

1. Nf3 d5 2. d4 Nf6 3. e3 e6 4. c4 c6 5. Nc3 Bd6 6. Bd3 dxc4 7. Bxc4 Nbd7 8.
O-O O-O 9. a3 a5 10. Qc2 b5 11. Bd3 Bb7 12. Rd1 Qc7 13. Nxb5 0-1

[Event "VI Open Basso Veronese"]
[Site "Casaleone ITA"]
[Date "2013.05.19"]
[Round "5"]
[White "Molinaroli, Giacomo"]
[Black "Bertani, Gianfranco"]
[WhiteElo "1897"]
[BlackElo "2067"]
[Result "0-1"]
[PlyCount "62"]
[EventDate "2013.05.17"]

1. e4 c5 2. Nf3 Nc6 3. c3 d6 4. d4 Nf6 5. d5 Nb8 6. Bd3 g6 7. O-O Bg7 8. h3 O-O
9. c4 e5 10. Nc3 a6 11. Nh2 Nh5 12. Be3 Nf4 13. Kh1 Nxd3 14. Qxd3 f5 15. f4
fxe4 16. Nxe4 Bf5 17. g4 Bxe4+ 18. Qxe4 Nd7 19. Rab1 Qh4 20. Kg2 Rae8 21. Qd3
Qe7 22. Qd2 exf4 23. Bxf4 Qe4+ 24. Kg3 Ne5 25. b3 g5 26. Bxg5 Ng6 27. h4 Be5+
28. Kh3 Nf4+ 29. Bxf4 Bxf4 30. Qg2 Qxg2+ 31. Kxg2 Re2+ 0-1

[Event "VI Open Basso Veronese"]
[Site "Casaleone ITA"]
[Date "2013.05.19"]
[Round "5"]
[White "Pisani, Valerio"]
[Black "Paler, Adrian"]
[WhiteElo "1721"]
[BlackElo "1974"]
[Result "0-1"]
[PlyCount "82"]
[EventDate "2013.05.17"]

1. Nc3 e5 2. e4 d6 3. Bc4 Nf6 4. h3 g6 5. d3 Bg7 6. Bg5 h6 7. Be3 O-O 8. Qd2
Kh7 9. Nf3 Nc6 10. g4 Ng8 11. a3 Be6 12. g5 h5 13. h4 Nd4 14. Bxd4 exd4 15. Ne2
Bxc4 16. dxc4 Re8 17. Qd3 Qe7 18. Ng3 Qe6 19. O-O-O c5 20. Rdf1 b5 21. Nd2 bxc4
22. Qxc4 Ne7 23. Qxe6 fxe6 24. Nc4 Rad8 25. f4 Rf8 26. Rf2 d5 27. Nd2 Rf7 28.
e5 Nc6 29. Rhf1 a5 30. Nb3 Bf8 31. Ne2 a4 32. Nd2 c4 33. Kb1 Bc5 34. Rf3 Rb8
35. Ka2 Kg7 36. Nc1 Rfb7 37. b4 axb3+ 38. cxb3 d3 39. Nb1 Nd4 40. R3f2 Nxb3 41.
Nxd3 cxd3 0-1

[Event "VI Open Basso Veronese"]
[Site "Casaleone ITA"]
[Date "2013.05.19"]
[Round "5"]
[White "Rondelli, Roberto"]
[Black "Sprea, Giuseppe"]
[WhiteElo "1729"]
[BlackElo "1940"]
[Result "1-0"]
[PlyCount "87"]
[EventDate "2013.05.17"]

1. d4 Nf6 2. c4 e6 3. Nf3 b6 4. g3 Ba6 5. Qc2 Bb7 6. Nc3 Bb4 7. Bd2 c5 8. dxc5
Bxc5 9. Bg2 O-O 10. O-O Na6 11. a3 Nc7 12. Bg5 Rb8 13. Rfd1 Be7 14. e4 Nh5 15.
Bxe7 Qxe7 16. Qd2 Rfd8 17. e5 g6 18. g4 Bxf3 19. Bxf3 Ng7 20. Ne4 Nge8 21. Nd6
f6 22. Nb7 fxe5 23. Nxd8 Rxd8 24. Qc3 d6 25. Rd2 Nf6 26. h3 e4 27. Bg2 g5 28.
f3 exf3 29. Qxf3 Nce8 30. Rad1 Ng7 31. Qc6 Nge8 32. b4 Rd7 33. Qa4 Rc7 34. Bc6
h6 35. b5 Nd7 36. Rf1 Nef6 37. Rdf2 Kg7 38. Qc2 Rc8 39. Bxd7 Nxd7 40. Rf7+ Qxf7
41. Rxf7+ Kxf7 42. Qh7+ Ke8 43. Qxh6 Rc5 44. Qxe6+ 1-0

[Event "VI Open Basso Veronese"]
[Site "Casaleone ITA"]
[Date "2013.05.19"]
[Round "5"]
[White "Solinas, Roberto"]
[Black "Leone, Cataldo"]
[WhiteElo "1706"]
[BlackElo "1610"]
[Result "1-0"]
[PlyCount "135"]
[EventDate "2013.05.17"]

1. e4 e5 2. Nf3 Nc6 3. Bb5 Nf6 4. O-O d6 5. Re1 a6 6. Ba4 b5 7. Bb3 Na5 8. d4
Nxb3 9. axb3 Bb7 10. dxe5 dxe5 11. Nc3 Bd6 12. Bg5 O-O 13. Nd5 Bxd5 14. exd5 h6
15. Bh4 Re8 16. c4 e4 17. Nd4 g5 18. Bg3 Bxg3 19. hxg3 Qd7 20. Nc6 bxc4 21.
bxc4 Ng4 22. f3 exf3 23. Qxf3 Rxe1+ 24. Rxe1 f5 25. Re7 Qd6 26. b4 Rf8 27. Qc3
Qf6 28. Qxf6 Rxf6 29. Rxc7 f4 30. Ne7+ Kf8 31. gxf4 gxf4 32. c5 Ne5 33. d6 f3
34. gxf3 Nxf3+ 35. Kf2 Ne5+ 36. Ke3 h5 37. Nd5 Rh6 38. d7 Nxd7 39. Rxd7 h4 40.
Nf4 h3 41. Rd1 Ke7 42. Rh1 h2 43. Kf3 Kd7 44. Kg2 Kc6 45. Rxh2 Rf6 46. Kf3 Kb5
47. Ke4 a5 48. Nd5 Rf1 49. Rc2 Re1+ 50. Ne3 Kc6 51. bxa5 Ra1 52. Nd5 Rxa5 53.
Kd4 Ra1 54. Nb4+ Kc7 55. Kc4 Rh1 56. Kb5 Rb1 57. Rh2 Rb3 58. Rh7+ Kb8 59. c6
Kc8 60. Kc4 Rb1 61. Nd3 Rd1 62. Rd7 Rh1 63. Kc5 Rd1 64. Ne5 Rc1+ 65. Nc4 Rc2
66. Kd5 Rc1 67. Nb6+ Kb8 68. Rb7# 1-0

[Event "VI Open Basso Veronese"]
[Site "Casaleone ITA"]
[Date "2013.05.19"]
[Round "5"]
[White "Zanchetta, Nicola"]
[Black "Benaddi, Redouane"]
[WhiteElo "1894"]
[BlackElo "1841"]
[Result "1/2-1/2"]
[PlyCount "106"]
[EventDate "2013.05.17"]

1. d4 g6 2. e4 d6 3. c4 Bg7 4. Nc3 Nf6 5. f3 O-O 6. Be3 Nbd7 7. Nh3 e5 8. d5 h6
9. Nf2 Nh5 10. g4 Nf4 11. Qd2 g5 12. Ne2 c5 13. Ng3 Re8 14. Nf5 Bf8 15. h4 Nf6
16. hxg5 hxg5 17. O-O-O Bxf5 18. gxf5 Bg7 19. Be2 N6h5 20. Rdg1 f6 21. Nh3 Kf7
22. Bxf4 Nxf4 23. Bd1 Rh8 24. Nxf4 Rxh1 25. Rxh1 exf4 26. Rh7 Qe8 27. Qh2 Kg8
28. a3 Rc8 29. Kd2 b5 30. Qh5 Qe5 31. Kc1 bxc4 32. Qg6 Rc7 33. Rh2 c3 34. Ba4
cxb2+ 35. Rxb2 Qc3+ 36. Kb1 Qd3+ 37. Ka2 Qc4+ 38. Bb3 Qb5 39. Bc2 Qc4+ 40. Ka1
Qc3 41. Qe8+ Bf8 42. Ka2 Rb7 43. Qe6+ Kh8 44. Rxb7 Qxc2+ 45. Rb2 Qc4+ 46. Kb1
Qf1+ 47. Kc2 Qe2+ 48. Kb3 Qd3+ 49. Ka2 Qc4+ 50. Ka1 Qc1+ 51. Ka2 Qc4+ 52. Ka1
Qc1+ 53. Ka2 Qc4+ 1/2-1/2

[Event "VI Open Basso Veronese"]
[Site "Casaleone ITA"]
[Date "2013.05.19"]
[Round "5"]
[White "Zanin, Luca"]
[Black "Negro, Raffaele"]
[WhiteElo "1655"]
[BlackElo "1838"]
[Result "0-1"]
[PlyCount "98"]
[EventDate "2013.05.17"]

1. d4 b6 2. Nf3 Bb7 3. e3 d6 4. Nbd2 Nd7 5. b3 g6 6. Bb2 Bg7 7. Bd3 e6 8. O-O
Ne7 9. Rc1 O-O 10. Re1 e5 11. c4 h6 12. Qc2 f5 13. e4 f4 14. Bc3 g5 15. Nf1 Ng6
16. dxe5 dxe5 17. b4 g4 18. N3d2 Nh4 19. Qd1 Qg5 20. g3 fxg3 21. fxg3 Nf3+ 22.
Nxf3 gxf3 23. Re3 h5 24. Rc2 Nf6 25. Bd2 f2+ 26. Kg2 Qg6 27. Qe2 Ng4 28. Rf3
Rxf3 29. Qxf3 Rf8 30. Qe2 Nf6 31. Kxf2 Bxe4 32. Rc3 Bxd3 33. Qxd3 e4 34. Qc2
Ng4+ 35. Ke1 Bxc3 36. Bxc3 Rf2 37. Nd2 Rxh2 38. Qxe4 Qxe4+ 39. Nxe4 Rxa2 40.
Ng5 Ne3 41. c5 bxc5 42. bxc5 a5 43. Ne4 a4 44. Nf6+ Kf7 45. Nxh5 a3 46. Nf4 Rc2
47. Ne2 a2 48. Ba1 Rxc5 49. Kf2 Nc2 0-1

[Event "VI Open Basso Veronese"]
[Site "Casaleone ITA"]
[Date "2013.05.19"]
[Round "5"]
[White "Zonta, Riccardo"]
[Black "Mulone, Gaspare"]
[WhiteElo "1635"]
[BlackElo "1566"]
[Result "1-0"]
[PlyCount "72"]
[EventDate "2013.05.17"]

1. e4 e5 2. Nc3 Nf6 3. f4 d6 4. Nf3 exf4 5. Bc4 Nbd7 6. d4 Nb6 7. Bb3 Bg4 8.
Bxf4 Nxe4 9. Nxe4 Qe7 10. Qe2 d5 11. Nc3 Qxe2+ 12. Nxe2 O-O-O 13. O-O-O Bd6 14.
Bxd6 Rxd6 15. Nc3 c6 16. Rhe1 Bxf3 17. gxf3 Kd7 18. Na4 Nxa4 19. Bxa4 Re8 20.
c3 Rxe1 21. Rxe1 Re6 22. Kd2 Rxe1 23. Kxe1 Ke6 24. Ke2 Kf5 25. Bc2+ Kg5 26.
Bxh7 g6 27. Ke3 Kf6 28. Kf4 Kg7 29. Bxg6 Kxg6 30. Kg4 b6 31. Kf4 Kf6 32. h4 a6
33. h5 a5 34. a4 b5 35. axb5 cxb5 36. h6 Kg6 1-0

[Event "II Open della Maremma A"]
[Site "Grosseto ITA"]
[Date "2013.05.09"]
[Round "1"]
[White "Baldi, Daniele"]
[Black "Collutiis, Duilio"]
[WhiteElo "1920"]
[BlackElo "2473"]
[Result "0-1"]
[PlyCount "84"]
[EventDate "2013.05.09"]

1. d4 Nf6 2. Nf3 c5 3. d5 d6 4. g3 g6 5. Bg2 Bg7 6. O-O O-O 7. c4 b5 8. cxb5 a6
9. b6 Nbd7 10. Nc3 Qxb6 11. h3 Ne8 12. e4 Nc7 13. Qc2 Nb5 14. Rb1 Rb8 15. Na4
Qc7 16. Be3 Re8 17. Rbc1 a5 18. Rfd1 Nb6 19. Nc3 Nxc3 20. bxc3 Bd7 21. Qd2 Nc4
22. Qe2 Bb5 23. Re1 Ba6 24. Rb1 Rxb1 25. Rxb1 Na3 26. Qxa6 Nxb1 27. Qb5 Rb8 28.
Qd3 Nxc3 29. e5 Nxa2 30. e6 f5 31. g4 Qb7 32. Kh2 Nb4 33. Qe2 Qxd5 34. gxf5
Qxf5 35. Ng5 a4 36. Be4 Qe5+ 37. f4 Qb2 38. Qxb2 Bxb2 39. f5 Bd4 40. Bc1 d5 41.
Bb1 Nc6 42. Ba2 c4 0-1

[Event "II Open della Maremma A"]
[Site "Grosseto ITA"]
[Date "2013.05.09"]
[Round "1"]
[White "Carola, Paolo"]
[Black "Fierro Baquero, Martha Lorena"]
[WhiteElo "1889"]
[BlackElo "2364"]
[Result "0-1"]
[PlyCount "60"]
[EventDate "2013.05.09"]

1. e4 g6 2. d4 Bg7 3. Be3 c6 4. Nc3 d6 5. Qd2 Nd7 6. O-O-O Qa5 7. Kb1 b5 8. Bd3
Nb6 9. Nf3 Rb8 10. e5 b4 11. Ne4 Nd5 12. Ka1 Be6 13. c4 bxc3 14. bxc3 Nxe3 15.
fxe3 dxe5 16. Rb1 Rb6 17. Nc5 Bd5 18. Be4 exd4 19. exd4 Nf6 20. Rhe1 O-O 21.
Bxd5 Nxd5 22. Nd7 Rxb1+ 23. Rxb1 Rc8 24. Rb3 Nb6 25. Nfe5 Nxd7 26. Nxd7 Rd8 27.
Rb7 Qd5 28. Nb8 c5 29. Rb5 Qd6 30. Qb2 cxd4 0-1

[Event "II Open della Maremma A"]
[Site "Grosseto ITA"]
[Date "2013.05.09"]
[Round "1"]
[White "Garcia Palermo, Carlos Horacio"]
[Black "Giannoni, Massimo"]
[WhiteElo "2465"]
[BlackElo "1918"]
[Result "1-0"]
[PlyCount "91"]
[EventDate "2013.05.09"]

1. Nf3 Nf6 2. c4 e6 3. g3 d5 4. Bg2 Bd6 5. O-O O-O 6. d3 c6 7. Nc3 Qe7 8. cxd5
exd5 9. e4 dxe4 10. dxe4 Nbd7 11. Qc2 Ne5 12. Nxe5 Bxe5 13. h3 Be6 14. Be3 Rfd8
15. Rfd1 Rxd1+ 16. Rxd1 Rd8 17. Rxd8+ Qxd8 18. Na4 b6 19. Qxc6 Bxa2 20. Nc3 Be6
21. f4 Bd4 22. Kf2 g6 23. e5 Bxe3+ 24. Kxe3 Ne8 25. Nd5 Bxd5 26. Bxd5 Qe7 27.
Kf3 Kf8 28. Bc4 h5 29. b3 Qc7 30. Qd5 Qe7 31. b4 Nc7 32. Qc6 Ne6 33. Bxe6 fxe6
34. g4 hxg4+ 35. hxg4 Kf7 36. b5 Qa3+ 37. Kg2 Qe7 38. Kg3 Qa3+ 39. Kh2 Qe7 40.
Kg2 Kg7 41. Qd6 Qf7 42. Kg3 Kh6 43. Qb8 Kg7 44. Qd8 Kh6 45. Qh8+ Qh7 46. g5+
1-0

[Event "II Open della Maremma A"]
[Site "Grosseto ITA"]
[Date "2013.05.09"]
[Round "1"]
[White "Guglielmi, Dante"]
[Black "Naumkin, Igor"]
[WhiteElo "1898"]
[BlackElo "2453"]
[Result "0-1"]
[PlyCount "32"]
[EventDate "2013.05.09"]

1. c4 Nf6 2. Nc3 e5 3. g3 Bb4 4. Bg2 O-O 5. Nf3 Nc6 6. Nd5 e4 7. Ng5 Nxd5 8.
cxd5 Qxg5 9. dxc6 dxc6 10. Bxe4 Bh3 11. Qa4 Qe7 12. Bf3 Rfe8 13. a3 Bg2 14.
Qxb4 Bxf3 15. Qxe7 Rxe7 16. Rg1 Rxe2+ 0-1

[Event "II Open della Maremma A"]
[Site "Grosseto ITA"]
[Date "2013.05.09"]
[Round "1"]
[White "Laketic, Gojko"]
[Black "Bini, Lorenzo"]
[WhiteElo "2420"]
[BlackElo "1894"]
[Result "1-0"]
[PlyCount "63"]
[EventDate "2013.05.09"]

1. e4 g6 2. d4 Bg7 3. Nc3 c6 4. Nf3 d6 5. Be2 Nd7 6. a4 a5 7. Be3 Qc7 8. O-O h6
9. h3 Ngf6 10. Qd2 g5 11. Nh2 e5 12. Rfd1 O-O 13. Nf1 exd4 14. Bxd4 Ne5 15. f4
gxf4 16. Qxf4 Be6 17. Ng3 Rad8 18. Qf2 Qe7 19. Rf1 c5 20. Be3 Ned7 21. Rad1 Kh7
22. Rd2 b6 23. Nf5 Bxf5 24. Qxf5+ Kh8 25. Bf4 Qe6 26. Qxe6 fxe6 27. Bxd6 Rfe8
28. Rfd1 Nb8 29. e5 Nd5 30. Bb5 Rg8 31. Nxd5 exd5 32. Rxd5 1-0

[Event "II Open della Maremma A"]
[Site "Grosseto ITA"]
[Date "2013.05.09"]
[Round "1"]
[White "Lazic, Miroljub"]
[Black "Rebeggiani, Andrea"]
[WhiteElo "2476"]
[BlackElo "1930"]
[Result "1-0"]
[PlyCount "63"]
[EventDate "2013.05.09"]

1. g3 g6 2. Bg2 Bg7 3. e4 e5 4. Ne2 Nc6 5. Nbc3 Nge7 6. d3 d6 7. Be3 Be6 8. d4
Bc4 9. Qd2 O-O 10. d5 Nb8 11. h4 f5 12. h5 Qe8 13. hxg6 hxg6 14. Bh6 Qf7 15.
Bxg7 Qxg7 16. exf5 gxf5 17. Rh5 Kf7 18. Ng1 Nd7 19. Nh3 Rh8 20. Ng5+ Kf6 21.
Ne6 Qg6 22. Rg5 Qh6 23. O-O-O Nb6 24. f4 Rac8 25. Rg7 Rcg8 26. Rxg8 Rxg8 27.
fxe5+ Kg6 28. Nf4+ Kf7 29. exd6 cxd6 30. Qe3 Nd7 31. b3 Ba6 32. Qe6+ 1-0

[Event "II Open della Maremma A"]
[Site "Grosseto ITA"]
[Date "2013.05.09"]
[Round "1"]
[White "Vuelban, Virgilio"]
[Black "Pasotti, Andrea"]
[WhiteElo "2298"]
[BlackElo "1835"]
[Result "1-0"]
[PlyCount "43"]
[EventDate "2013.05.09"]

1. e4 e5 2. Nf3 Nc6 3. Bb5 Nge7 4. c3 d6 5. d4 exd4 6. cxd4 Bd7 7. Nc3 Ng6 8.
O-O Qc8 9. Be3 Be7 10. Rc1 O-O 11. Qb3 a6 12. Bd3 h6 13. Nd5 Bd8 14. Nf4 Nxf4
15. Bxf4 Bg4 16. d5 Bxf3 17. dxc6 Qg4 18. Bg3 Bg5 19. cxb7 Bxc1 20. bxa8=Q Rxa8
21. Rxc1 Qg5 22. Rxc7 1-0

[Event "II Open della Maremma A"]
[Site "Grosseto ITA"]
[Date "2013.05.10"]
[Round "2"]
[White "Barbafiera, Luigi"]
[Black "Genci, Isufaj"]
[WhiteElo "1978"]
[BlackElo "1770"]
[Result "1/2-1/2"]
[PlyCount "44"]
[EventDate "2013.05.09"]

1. c4 c5 2. Nc3 Nf6 3. g3 g6 4. Bg2 Bg7 5. e3 O-O 6. Nge2 a6 7. O-O Nc6 8. d4
cxd4 9. exd4 d6 10. h3 Rb8 11. a4 Qc7 12. Be3 Bd7 13. Rc1 Nb4 14. Qd2 Bf5 15.
Nb5 axb5 16. Qxb4 bxc4 17. Nf4 g5 18. Nd5 Nxd5 19. Bxd5 Bxh3 20. Bxc4 Qd7 21.
Rfe1 Qf5 22. Qb5 h6 1/2-1/2

[Event "II Open della Maremma A"]
[Site "Grosseto ITA"]
[Date "2013.05.10"]
[Round "2"]
[White "Buratti, Marco"]
[Black "Laketic, Gojko"]
[WhiteElo "1977"]
[BlackElo "2420"]
[Result "0-1"]
[PlyCount "54"]
[EventDate "2013.05.09"]

1. e4 d6 2. Nc3 c5 3. Bc4 Nf6 4. d3 e6 5. Nge2 a6 6. a4 d5 7. exd5 Nxd5 8. O-O
Nxc3 9. Nxc3 Nc6 10. Re1 Be7 11. Bf4 O-O 12. Qh5 Nd4 13. Rac1 g6 14. Qd1 Bd7
15. Ra1 b5 16. Ba2 Bc6 17. Ne4 bxa4 18. Qd2 Ra7 19. Be5 Bxe4 20. Rxe4 Bf6 21.
Qh6 Bxe5 22. Rxe5 Nxc2 23. Rc1 Nb4 24. Rcxc5 Nxa2 25. Rh5 f6 26. Rh3 Nb4 27.
Qe3 Qd7 0-1

[Event "II Open della Maremma A"]
[Site "Grosseto ITA"]
[Date "2013.05.10"]
[Round "2"]
[White "Collutiis, Duilio"]
[Black "Grichkevitch, Gilles"]
[WhiteElo "2473"]
[BlackElo "2153"]
[Result "1-0"]
[PlyCount "50"]
[EventDate "2013.05.09"]

1. g3 Nf6 2. Bg2 c5 3. Nf3 Nc6 4. O-O e5 5. d3 Be7 6. e4 O-O 7. Nc3 d6 8. h3 a6
9. Ne1 b5 10. f4 Bb7 11. Kh2 exf4 12. gxf4 b4 13. Ne2 d5 14. e5 Nd7 15. Ng3 g6
16. c3 Nb6 17. d4 bxc3 18. bxc3 cxd4 19. cxd4 Nc4 20. f5 f6 21. Bh6 Re8 22.
fxg6 hxg6 23. Qb1 Kh7 24. exf6 Kxh6 25. Qxb7 Rf8 1-0

[Event "II Open della Maremma A"]
[Site "Grosseto ITA"]
[Date "2013.05.10"]
[Round "2"]
[White "Fierro Baquero, Martha Lorena"]
[Black "Brioschi, Camillo"]
[WhiteElo "2364"]
[BlackElo "1756"]
[Result "1-0"]
[PlyCount "64"]
[EventDate "2013.05.09"]

1. Nf3 Nf6 2. g3 b6 3. Bg2 Bb7 4. O-O e6 5. d3 d5 6. Nbd2 Nbd7 7. e4 dxe4 8.
Ng5 Be7 9. Ngxe4 Qc8 10. b3 O-O 11. Bb2 Rb8 12. Qe2 Qd8 13. Rfe1 Nxe4 14. Nxe4
Nf6 15. Rad1 Nxe4 16. dxe4 Qc8 17. Qg4 g6 18. h4 Rd8 19. h5 Rxd1 20. Rxd1 g5
21. h6 Qe8 22. Be5 Qc6 23. c4 f5 24. Qe2 Rd8 25. Rxd8+ Bxd8 26. Qd2 Be7 27. Bb2
e5 28. Bxe5 fxe4 29. Qe3 Kf7 30. Bc3 Qe6 31. Bg7 c5 32. Qe2 Bf6 1-0

[Event "II Open della Maremma A"]
[Site "Grosseto ITA"]
[Date "2013.05.10"]
[Round "2"]
[White "Vargas, Gabriela"]
[Black "Bruno, Fabio"]
[WhiteElo "2057"]
[BlackElo "2433"]
[Result "1-0"]
[PlyCount "157"]
[EventDate "2013.05.09"]

1. d4 Nf6 2. c4 e6 3. Nf3 d5 4. e3 Be7 5. Bd3 b6 6. O-O Bb7 7. b3 O-O 8. Bb2
Nbd7 9. Nc3 Ne4 10. Qe2 f5 11. Ne5 Nxe5 12. dxe5 Nc5 13. cxd5 exd5 14. Rad1 Qe8
15. Qc2 Nxd3 16. Rxd3 Ba6 17. Nxd5 Bxd3 18. Qxd3 Bd8 19. Qc4 Qf7 20. Qc6 Rb8
21. Rc1 Qe8 22. e6 Qxc6 23. Rxc6 Rb7 24. f4 Re8 25. g4 fxg4 26. f5 b5 27. e4 b4
28. Bd4 Be7 29. Nxe7+ Rxe7 30. e5 Re8 31. f6 gxf6 32. exf6 Rc8 33. f7+ Kf8 34.
Bc5+ Kg7 35. Be7 a6 36. Rc4 h5 37. Rc5 Rb5 38. Rxc7 Ra8 39. Bc5 Rxc5 40. Rxc5
Kf6 41. Rf5+ Ke7 42. Kf2 h4 43. Ke3 Rf8 44. Re5 a5 45. Kf4 g3 46. hxg3 h3 47.
Kf5 h2 48. Re1 Rh8 49. Rh1 Rh6 50. g4 Rf6+ 51. Kg5 Rxe6 52. Rxh2 Kxf7 53. Rh7+
Kg8 54. Ra7 Re5+ 55. Kg6 Re6+ 56. Kf5 Re2 57. Rxa5 Rc2 58. Ra7 Rc5+ 59. Kf4 Rc2
60. g5 Rg2 61. Kf5 Rc2 62. Ke4 Rg2 63. Kd4 Rxg5 64. Kc4 Rg4+ 65. Kb5 Kf8 66.
Ra4 Ke8 67. Rxb4 Rg5+ 68. Kb6 Kd7 69. Rc4 Rg6+ 70. Kb7 Rg3 71. Rd4+ Ke6 72. b4
Ke5 73. Rd2 Ra3 74. b5 Ke4 75. b6 Ke3 76. Rb2 Kd4 77. Kc7 Rc3+ 78. Kd6 Rh3 79.
Rb4+ 1-0

[Event "II Open della Maremma A"]
[Site "Grosseto ITA"]
[Date "2013.05.10"]
[Round "3"]
[White "Bini, Alessandro"]
[Black "Delfino, Luigi"]
[WhiteElo "1842"]
[BlackElo "2210"]
[Result "0-1"]
[PlyCount "66"]
[EventDate "2013.05.09"]

1. c4 c5 2. Nc3 g6 3. d4 Bg7 4. e3 Nc6 5. Nf3 d6 6. Be2 Nh6 7. O-O cxd4 8. exd4
Nf5 9. d5 Bxc3 10. bxc3 Na5 11. g4 Ng7 12. Bh6 O-O 13. Qd4 f6 14. Bxg7 Kxg7 15.
Ng5 Kg8 16. Ne6 Bxe6 17. dxe6 b6 18. f4 Rc8 19. h4 Qc7 20. f5 Qc5 21. Rf4 gxf5
22. gxf5 Qxd4+ 23. Rxd4 Rc5 24. Rf1 Kh8 25. Kh2 Rg8 26. Bh5 Nxc4 27. Bf7 Rg7
28. Rff4 b5 29. a4 a6 30. axb5 axb5 31. Rg4 Ne3 32. Rxg7 Kxg7 33. Rd2 Nf1+ 0-1

[Event "II Open della Maremma A"]
[Site "Grosseto ITA"]
[Date "2013.05.10"]
[Round "3"]
[White "Garcia Palermo, Carlos Horacio"]
[Black "Fierro Baquero, Martha Lorena"]
[WhiteElo "2465"]
[BlackElo "2364"]
[Result "1/2-1/2"]
[PlyCount "20"]
[EventDate "2013.05.09"]

1. d4 g6 2. g3 Bg7 3. Bg2 Nf6 4. Nf3 O-O 5. O-O c6 6. Nbd2 d5 7. b3 Bf5 8. Bb2
Ne4 9. e3 Nxd2 10. Qxd2 Be4 1/2-1/2

[Event "II Open della Maremma A"]
[Site "Grosseto ITA"]
[Date "2013.05.10"]
[Round "3"]
[White "Genci, Isufaj"]
[Black "Buratti, Marco"]
[WhiteElo "1770"]
[BlackElo "1977"]
[Result "0-1"]
[PlyCount "46"]
[EventDate "2013.05.09"]

1. e4 e5 2. Nc3 Nc6 3. Nf3 Nf6 4. d4 exd4 5. Nxd4 Bb4 6. Nxc6 bxc6 7. Bd3 d5 8.
exd5 cxd5 9. O-O O-O 10. Bg5 Be7 11. Qf3 Rb8 12. b3 h6 13. Bd2 c5 14. Bxh6 Bg4
15. Qg3 gxh6 16. h3 Rb4 17. f4 c4 18. Bf5 d4 19. hxg4 dxc3 20. g5 Qb6+ 21. Rf2
Nh5 22. Qg4 Ng7 23. gxh6 Qxh6 0-1

[Event "II Open della Maremma A"]
[Site "Grosseto ITA"]
[Date "2013.05.10"]
[Round "3"]
[White "Grichkevitch, Gilles"]
[Black "Pacini, Ermanno"]
[WhiteElo "2153"]
[BlackElo "1869"]
[Result "1-0"]
[PlyCount "55"]
[EventDate "2013.05.09"]

1. e4 e5 2. d4 exd4 3. Qxd4 Nc6 4. Qe3 Nf6 5. Nc3 Bb4 6. Bd2 O-O 7. O-O-O Re8
8. Qg3 Rxe4 9. a3 Bxc3 10. Bxc3 d5 11. f3 Re8 12. h4 Nh5 13. Qf2 Qd6 14. Ne2 d4
15. g4 Nf4 16. Nxd4 Nxd4 17. Rxd4 Qb6 18. Qd2 Ne6 19. Rd5 c5 20. Bc4 Rd8 21.
Rd1 Rxd5 22. Qxd5 Qc7 23. Kb1 Qc6 24. Qd8+ Nf8 25. Bd5 Qd7 26. Qg5 Ne6 27. Qe5
Qc7 28. Bxe6 1-0

[Event "II Open della Maremma A"]
[Site "Grosseto ITA"]
[Date "2013.05.10"]
[Round "3"]
[White "Laketic, Gojko"]
[Black "Collutiis, Duilio"]
[WhiteElo "2420"]
[BlackElo "2473"]
[Result "1/2-1/2"]
[PlyCount "24"]
[EventDate "2013.05.09"]

1. d4 d5 2. c4 c6 3. cxd5 cxd5 4. Nc3 Nf6 5. Nf3 Nc6 6. Bf4 a6 7. e3 Bg4 8. Be2
e6 9. O-O Be7 10. Rc1 O-O 11. Ne5 Bxe2 12. Qxe2 Rc8 1/2-1/2

[Event "II Open della Maremma A"]
[Site "Grosseto ITA"]
[Date "2013.05.10"]
[Round "3"]
[White "Lazic, Miroljub"]
[Black "Carola, Paolo"]
[WhiteElo "2476"]
[BlackElo "1889"]
[Result "1-0"]
[PlyCount "47"]
[EventDate "2013.05.09"]

1. g3 e5 2. c4 Nf6 3. Bg2 Nc6 4. Nc3 Be7 5. e3 d6 6. Nge2 Bg4 7. b3 Qd7 8. h3
Bh5 9. d3 O-O 10. g4 Bg6 11. f4 exf4 12. Nxf4 d5 13. cxd5 Bb4 14. Bd2 Ne5 15.
e4 Qd6 16. Nce2 c6 17. Bxb4 Qxb4+ 18. Qd2 Qxd2+ 19. Kxd2 cxd5 20. exd5 Rfd8 21.
Rac1 Rac8 22. Ng3 Kf8 23. Rhe1 Nfd7 24. d4 1-0